The system improvement of the atmospheric air quality monitoring; The Third International forum on strategic technologies (IFOST 2008), 23-29 june 2008, Novosibirsk-Tomsk

Бібліографічні деталі
Parent link:The Third International forum on strategic technologies (IFOST 2008), 23-29 june 2008, Novosibirsk-Tomsk.— 2008.— [P. 676-678]
Інші автори: Shelestov A. A., Panin V. F. Vladimir Filippovich, Filatov A. U., Shramov D. M.
Резюме:Title screen
Presented ideology of the system improvement of the atmospheric air quality monitoring in city Tomsk: 1) development of existing system of instrumental monitoring with help of increase of watch point and visualization of picture of pollution atmospheric air on base of geoinformation technologies; 2)creation of computer model of diffusing dangerous pollutions from stationary and auto transport polluters, working constantly and showing current, detailed distribution of concentration of polluting substances into atmospheric air on all territory of cTomsk; 3)model gets raw information from base of sources of emission of polluting substances, and got accounting concentrations are integrated in system of visualization with data of instrumental measures. Observed data of 2007 year in new watch points are shown and analyzed., mechanism of using of the system of visualization is described in given point of city territory.
Режим доступа: по договору с организацией-держателем ресурса
Мова:Англійська
Опубліковано: 2008
Предмети:
Онлайн доступ:http://dx.doi.org/10.1109/IFOST.2008.4603013
Формат: Електронний ресурс Частина з книги
KOHA link:https://koha.lib.tpu.ru/cgi-bin/koha/opac-detail.pl?biblionumber=645533

MARC

LEADER 00000naa0a2200000 4500
001 645533
005 20250610120113.0
035 |a (RuTPU)RU\TPU\network\10618 
035 |a RU\TPU\network\1301 
090 |a 645533 
100 |a 20151228d2008 k||y0rusy50 ba 
101 0 |a eng 
102 |a RU 
135 |a drnn ---uucaa 
181 0 |a i  
182 0 |a b 
200 1 |a The system improvement of the atmospheric air quality monitoring  |f A. A. Shelestov [et al.] 
203 |a Text  |c electronic 
300 |a Title screen 
320 |a [Ref.: p. 678 (8 tit.)] 
330 |a Presented ideology of the system improvement of the atmospheric air quality monitoring in city Tomsk: 1) development of existing system of instrumental monitoring with help of increase of watch point and visualization of picture of pollution atmospheric air on base of geoinformation technologies; 2)creation of computer model of diffusing dangerous pollutions from stationary and auto transport polluters, working constantly and showing current, detailed distribution of concentration of polluting substances into atmospheric air on all territory of cTomsk; 3)model gets raw information from base of sources of emission of polluting substances, and got accounting concentrations are integrated in system of visualization with data of instrumental measures. Observed data of 2007 year in new watch points are shown and analyzed., mechanism of using of the system of visualization is described in given point of city territory. 
333 |a Режим доступа: по договору с организацией-держателем ресурса 
463 |t The Third International forum on strategic technologies (IFOST 2008), 23-29 june 2008, Novosibirsk-Tomsk  |o [proceedings]  |v [P. 676-678]  |d 2008 
610 1 |a электронный ресурс 
610 1 |a труды учёных ТПУ 
610 1 |a atmospheric air 
610 1 |a monitoring 
610 1 |a quality 
701 1 |a Shelestov  |b A. A. 
701 1 |a Panin  |b V. F.  |c Doctor of technical sciences  |c Professor of Tomsk Polytechnic University (TPU)  |f 1940-  |g Vladimir Filippovich  |3 (RuTPU)RU\TPU\pers\30164 
701 1 |a Filatov  |b A. U. 
701 1 |a Shramov  |b D. M. 
801 2 |a RU  |b 63413507  |c 20170411  |g RCR 
850 |a 63413507 
856 4 |u http://dx.doi.org/10.1109/IFOST.2008.4603013 
942 |c CF